| 000 | 00365nam a22001577a 4500 | ||
|---|---|---|---|
| 005 | 20180412142203.0 | ||
| 008 | 160624b xxu||||| |||| 00| 0 eng d | ||
| 041 | _aeng | ||
| 082 |
_b9783 _a348 |
||
| 100 |
_aShukla, T.N. _9480 |
||
| 245 | _aThe trade Unions Act. 1926 | ||
| 260 |
_bBooks & Books _c2009 |
||
| 300 | _a100 | ||
| 650 |
_aManagement _9241 |
||
| 942 | _cBK | ||
| 999 |
_c3810 _d3809 |
||